<?xml version="1.0" encoding="UTF-8"?>
<record
    xmlns:xsi="http://www.w3.org/2001/XMLSchema-instance"
    xsi:schemaLocation="http://www.loc.gov/MARC21/slim http://www.loc.gov/standards/marcxml/schema/MARC21slim.xsd"
    xmlns="http://www.loc.gov/MARC21/slim">

  <leader>00460nam a22001337a 4500</leader>
  <controlfield tag="005">20171115094804.0</controlfield>
  <controlfield tag="008">171115b        xxu||||| |||| 00| 0 eng d</controlfield>
  <datafield tag="040" ind1=" " ind2=" ">
    <subfield code="c">PK-LaUMT</subfield>
  </datafield>
  <datafield tag="082" ind1=" " ind2=" ">
    <subfield code="a">297.4</subfield>
    <subfield code="b">KHU-</subfield>
  </datafield>
  <datafield tag="245" ind1=" " ind2=" ">
    <subfield code="a">khutbat biyad-e-Iqbal =  &#x62E;&#x637;&#x628;&#x627;&#x62A; &#x628;&#x6CC;&#x627;&#x62F; &#x627;&#x642;&#x628;&#x627;&#x644; /</subfield>
    <subfield code="c">compiled by Shobah Falsafah, Jamea Punjab = &#x645;&#x631;&#x62A;&#x628;&#x6C1; &#x634;&#x639;&#x628;&#x6C1; &#x641;&#x644;&#x633;&#x641;&#x6C1; &#x62C;&#x627;&#x645;&#x639;&#x6C1; &#x67E;&#x646;&#x62C;&#x627;&#x628;</subfield>
  </datafield>
  <datafield tag="260" ind1=" " ind2=" ">
    <subfield code="a">Lahore :</subfield>
    <subfield code="b">Punjab University,</subfield>
    <subfield code="c">1982</subfield>
  </datafield>
  <datafield tag="300" ind1=" " ind2=" ">
    <subfield code="a">183+36 p.</subfield>
  </datafield>
  <datafield tag="942" ind1=" " ind2=" ">
    <subfield code="c">BK</subfield>
  </datafield>
  <datafield tag="999" ind1=" " ind2=" ">
    <subfield code="c">100033</subfield>
    <subfield code="d">100033</subfield>
  </datafield>
  <datafield tag="952" ind1=" " ind2=" ">
    <subfield code="0">0</subfield>
    <subfield code="1">0</subfield>
    <subfield code="4">0</subfield>
    <subfield code="7">0</subfield>
    <subfield code="a">01</subfield>
    <subfield code="b">01</subfield>
    <subfield code="d">2017-11-15</subfield>
    <subfield code="l">1</subfield>
    <subfield code="o">297.4 KHU-</subfield>
    <subfield code="p">110201</subfield>
    <subfield code="r">2022-01-13 00:00:00</subfield>
    <subfield code="s">2022-01-08</subfield>
    <subfield code="w">2017-11-15</subfield>
    <subfield code="y">BK</subfield>
  </datafield>
</record>
